000 00363nam a2200157Ia 4500
003 OSt
005 20240215112510.0
008 170524s9999 xx 000 0 und d
020 _a 9788120334342
040 _ciimtu
100 _aSolanki- Chetan Singh
245 0 _aRenewable Energy Technologies
260 _bPHI New Delhi
260 _c2012
942 _2ddc
_c02
999 _c6064
_d6064